000 00855nam a22002657a 4500
001 BR8700208
003 BR-BrBNA
005 20230928092327.0
007 ta
008 230509b bl.||||| |||| 00| 0 por d
040 _aBR-BrBNA
_bpor
_cBiblioteca Nacional de Agricultura
041 _a(Por)
072 _aT01
090 _ T01 BR8700208
100 1 _aAguirre Junior, J.C. de
110 1 _aFundacao Centro Tecnologico de Minas Gerais, Belo Horizonte (Brasil)
_94818
245 1 _aA sedimentacao no controle da poluicao por atividades mineradoras
260 3 _aBelo Horizonte, MG (Brasil):
_c1979.
300 _a30 p.
500 _a(*) Documento disponível no(a) Fundacao Centro Tecnologico de Minas Gerais, Belo Horizonte (Brazil)
650 _aEROSAO DO SOLO
650 _aPOLUICAO
909 _a202309
_bLucia
_c55
_dLucia Elande
942 _cBK
999 _c38369
_d38369